000 00453nam a2200181Ia 4500
003 GCL
008 140319s9999 xx 000 0 eng d
040 _aGCL /
_cGCL
082 0 4 _a843
_bK U
100 1 _aKAFKA, FRANZ
245 1 0 _aUN ARTISTE DU JEUNE /
_cKAFKA, FRANZ
260 _a[S.N] :
_bLE LIVRE DE POCHE ،
_c1995
300 _a93
490 _aCOLLECTION FOLIO
_v0
650 0 4 _aLITERATURE
650 0 4 _aFRENCH LITERATURE
942 _2ddc
_cBK
999 _c23063
_d23063